00450nam a2200181 a 4500001001300000003000900013005001700022008004100039020001000080082001600090100001500106245003000121260004400151300000900195500003500204505001000239650001900249nice12345678IN_TiNIC20260116011636.0050524s1974 mina grp 000 0 eng  ac10000a291.13bLEW aLewis, C S aMyth Allegory and Gospel. aMinnesotabBethany Fellowship Incc1974 a159p aincludes index and biblioraphy2 aIndex aMythology-West